书目信息 |
| 题名: |
葡萄酒购买指南
|
|
| 作者: | 周凡生 著 | |
| 分册: | ||
| 出版信息: | 北京 中国宇航出版社 2004 |
|
| 页数: | 171页 | |
| 开本: | 19×21cm | |
| 丛书名: | ||
| 单 册: | ||
| 中图分类: | TS262.6 | |
| 科图分类: | ||
| 主题词: | 葡萄酒 , 葡萄酒--基本知识 | |
| 电子资源: | ||
| ISBN: | 7-80144-714-X | |
| 000 | 01088nam0 2200325 450 | |
| 000 | 01051nam0 2200313 450 | |
| 000 | 01050nam0 2200325 450 | |
| 000 | 00996nam0 2200301 450 | |
| 000 | 01025nam0 2200289 450 | |
| 000 | 00988nam0 2200277 45 | |
| 001 | TS2006030209 | |
| 005 | 20061203143219.14 | |
| 010 | @a7-80144-714-X@dCNY28.00 | |
| 100 | @a20060829d2004 em y0chiy0110 ea | |
| 101 | 0 | @achi |
| 102 | @aCN@b110000 | |
| 105 | @aa z 000yy | |
| 200 | 1 | @a葡萄酒购买指南@Apu tao jiu gou mai zhi nan@f周凡生著@FZhou Fan Sheng Zhu |
| 210 | @a北京@c中国宇航出版社@d2004 | |
| 215 | @a171页@c图@d19×21cm | |
| 330 | @a本书以图文形式介绍世界葡萄酒生产厂商,介绍北美洲、南美洲、欧洲、澳大利亚等地的葡萄酒名品,并提供葡萄酒小百科等。 | |
| 510 | 1 | @aThe Best Cholce@zeng |
| 606 | 0 | @a葡萄酒 |
| 606 | 0 | @a葡萄酒@x基本知识 |
| 690 | @aTS262.6@v4 | |
| 701 | 0 | @a周凡生@Azhou fan sheng@4著 |
| 801 | 0 | @aCN@b中图数据@c20061203 |
| 905 | @a10447@dTS262.6@e51 | |
| 葡萄酒购买指南/周凡生著.-北京:中国宇航出版社,2004 |
| 171页:图;19×21cm |
| ISBN 7-80144-714-X:CNY28.00 |
| 本书以图文形式介绍世界葡萄酒生产厂商,介绍北美洲、南美洲、欧洲、澳大利亚等地的葡萄酒名品,并提供葡萄酒小百科等。 |
| ● |
| 相关链接 |
|
|
|
|
正题名:葡萄酒购买指南
索取号:TS262.6/51
 
预约/预借
| 序号 | 登录号 | 条形码 | 馆藏地/架位号 | 状态 | 备注 |
| 1 | 0616386 | 206163863 | 第二样本阅览室/ [索取号:TS262.6/51] | 在馆 | |
| 2 | 0616387 | 206163872 | 第三借阅区/ [索取号:TS262.6/51] | 在馆 | |
| 3 | 0616388 | 206163881 | 第三借阅区/ [索取号:TS262.6/51] | 在馆 | |
| 4 | 0616389 | 206163890 | 第三借阅区/ [索取号:TS262.6/51] | 在馆 | |
| 5 | 0616390 | 206163907 | 第三借阅区/ [索取号:TS262.6/51] | 在馆 | |
| 6 | 0616391 | 206163916 | 第三借阅区/ [索取号:TS262.6/51] | 在馆 |